| Tag |
First Indicator |
Second Indicator |
Subfields |
| LEADER |
00000cam a2200000 a 4500 |
| 001 |
in00001200813 |
| 005 |
20151002064253.0 |
| 007 |
hd afv---baca |
| 008 |
900709s1861 xx a s000 0 eng d |
| 035 |
|
|
|a (OCoLC)21980195
|
| 035 |
|
|
|9 AGJ8911AM
|
| 040 |
|
|
|a FEI
|c FEI
|d UtOrBLW
|
| 043 |
|
|
|a n-us-va
|
| 049 |
|
|
|a TXAI
|
| 090 |
|
|
|a E487
|b .C66 1974 reel 63 no. 2259-3
|
| 099 |
|
|
|a Film
|a B 1664
|a reel 63, no. 2259-3.
|
| 110 |
1 |
|
|a Virginia.
|b Constitutional Convention
|d (1861)
|b Committee of Finance.
|
| 245 |
1 |
3 |
|a An ordinance concerning treasury notes.
|
| 264 |
|
1 |
|a [Richmond] :
|b [publisher not identified],
|c [1861]
|
| 300 |
|
|
|a 3 pages ;
|c 24 cm.
|
| 336 |
|
|
|a text
|b txt
|2 rdacontent
|
| 337 |
|
|
|a microform
|b h
|2 rdamedia
|
| 338 |
|
|
|a microfilm reel
|b hd
|2 rdacarrier
|
| 500 |
|
|
|a "Presented by Mr. MacFarland, from the Committee of Finance, November 30, laid upon the table, and ordered to be printed"--page [1].
|
| 500 |
|
|
|a Caption title.
|
| 500 |
|
|
|a Filmed from the holdings of the Museaum of the Confederacy, Richmond, Virginia.
|
| 533 |
|
|
|a Microfilm.
|b New Haven, Conn. :
|c Research Publications,
|d [1974].
|e On reel 63 of 143 microfilm reels ; 35 mm.
|f (Confederate imprints, 1861-1865 ; reel 63, no. 2259-3).
|
| 539 |
|
|
|a s
|b 1974
|d ctu
|e n
|
| 500 |
|
|
|a Microform.
|
| 650 |
|
0 |
|a Treasury bills
|z Virginia.
|
| 651 |
|
0 |
|a Virginia
|x Politics and government
|y 1861-1865.
|
| 830 |
|
0 |
|a Confederate imprints, 1861-1865 ;
|v reel 63, no. 2259-3.
|
| 999 |
|
|
|a MARS
|
| 999 |
f |
f |
|s ec9a13c3-514f-3fd4-95d2-8d1690fe85da
|i ae044e80-debc-374c-b8ba-95f8b1b623fc
|t 0
|
| 952 |
f |
f |
|p default
|a Texas A&M University
|b College Station
|c Sterling C. Evans Library
|d Evans: Microforms (3rd floor)
|t 0
|e Film B 1664 reel 63, no. 2259-3.
|h Other scheme
|i microform -- microfilm reel
|
| 998 |
f |
f |
|a Film B 1664 reel 63, no. 2259-3.
|t 0
|l Evans: Microforms (3rd floor)
|